[Event "Santa Monica"]
[Site "Santa Monica"]
[Date "2004.05.17"]
[Round "7"]
[White "Yudasin, Leonid"]
[Black "Sevillano, Enrico"]
[Result "1/2-1/2"]
[WhiteElo "2553"]
[BlackElo "2467"]
[Annotator "Finkel,A"]
[PlyCount "86"]
[EventDate "2004.05.11"]
[EventType "tourn"]
[EventRounds "9"]
[EventCountry "USA"]
[EventCategory "9"]
[SourceTitle "CBM 102"]
[Source "ChessBase"]
[SourceDate "2004.09.23"]
[SourceVersion "1"]
[SourceVersionDate "2004.09.23"]
[SourceQuality "1"]

1. e4 d6 2. d4 g6 3. Nc3 Bg7 4. Be3 a6 5. f4 (5. a4) 5... b5 6. Bd3 Bb7 7. Nf3
Nf6 (7... Nd7 8. e5 c5 9. O-O cxd4 10. Bxd4 dxe5 11. fxe5 Nxe5 12. Bxe5 Bxe5
13. Bxb5+ axb5 14. Qxd8+ Rxd8 15. Nxe5 $14 {De Vilder,H-Jonker,M/Dieren op 1997
}) 8. e5 (8. a3 Nbd7 9. h3 $6 c5 10. e5 Nh5 $17) 8... Nd5 $5 {This move is
more solid than 8...Ng4, but it promises black less possibilities for the
active counterplay.} (8... Ng4 9. Qe2 (9. Bg1 $5 c5 (9... O-O 10. h3 Nh6 11.
Bf2 dxe5 12. dxe5 f6 13. O-O Kh8 14. Ne4 $14 {Andreescu,N-Kiseleva,N/EU-chJW
U18 1995}) 10. dxc5 $5 dxe5 11. h3 e4 $1 {[%cal Gg7b2,Gg4f6]} 12. Nxe4 Nf6 13.
Bd4 $5 (13. Nxf6+ Bxf6 14. c3 Nd7 15. Bd4 Qc7 16. a4 $1 $14) 13... O-O 14. Bxf6
$1 (14. Nxf6+ exf6 15. Be2 Re8 16. Kf2 Nc6 17. c3 Nxd4 18. cxd4 $14) 14... exf6
15. Nd6 $14 {Svidler,P-Ponomariov,R/Biel 2000}) 9... Nc6 (9... c5 10. e6 $5
Bxf3 11. Qxf3 Nxe3 12. exf7+ Kxf7 13. Qxa8 cxd4 14. Nd1 (14. Ne4 Nxg2+ 15. Kd2
Nxf4 16. Ng5+ Kg8 17. Raf1 Bh6 18. h4 $16) 14... Qc7 15. Nxe3 dxe3 16. Qd5+ $13
{Thorhallsson,T-Hjartarson,J/Nordic-ch VISA 1997}) (9... Nxe3 10. Qxe3 O-O 11.
O-O-O Nd7 12. e6 Bxf3 13. exf7+ Rxf7 14. gxf3 Bh6 15. Ne2 {/\h4}) 10. Bg1 O-O
11. h3 Nh6 12. h4 Nb4 $132 {Rahman,Z-Norwood,D/Dhaka 1993}) (8... dxe5 $6 9.
fxe5 Nd5 10. Nxd5 Qxd5 11. Qe2 Nc6 12. a3 e6 13. O-O O-O 14. Rad1 $16 {
Pavasovic,D-Gabriel,C/Austria 2000}) 9. Nxd5 Bxd5 10. a4 (10. O-O Nd7 11. a4 (
11. Qe2 {/\a4,/\f5}) 11... b4 12. a5 c5 13. c3 bxc3 14. bxc3 O-O 15. Qe2 Qc8
16. Nd2 $14 {Petschar,K-Hager,F/Jenbach 2001}) 10... c6 11. O-O O-O 12. Qe1 Nd7
13. axb5 cxb5 14. Ng5 ({Nothing promises} 14. Qh4 e6 15. Qg3 f6 16. exd6 Nb6
17. Nd2 (17. f5 exf5 18. Bf4 Qd7 19. Rfe1 Rf7 $132) 17... Qxd6 18. Ne4 Bxe4 19.
Bxe4 Nd5 20. c3 a5 $13) 14... e6 15. Ne4 dxe5 16. fxe5 f6 17. exf6 Nxf6 18. Ng5
$6 {Coming to g5 for the second time, but this time it's just a wrong
direction!} (18. Nc5 $142 Qd6 19. Qh4 e5 20. c3 $14 {[%csl Ra6]}) 18... h6 (
18... Ng4 $2 19. Qh4 h5 20. Bxg6 Nxe3 21. Qxh5 Rf5 (21... Rxf1+ 22. Rxf1 Nxf1
23. Bh7+ Kh8 24. Nf7#) 22. Bf7+ Kf8 23. Bxe6 $40) 19. Qh4 $5 {The idea behind
18.Ng5. Unfortunately for white black has more than enough defensive resourses,
so this sacrifice was eventually wrong.} hxg5 20. Bxg5 Bc4 $5 {With this move
back forces a draw, even though he could've played for a win after} (20... e5
$1 21. Bxg6 Qb6 22. c3 exd4 23. cxd4 Rad8 $17) 21. Bxg6 Bxf1 22. Rxf1 Qd7 {
[%csl Gh7] Covering square h7.} 23. Rxf6 Bxf6 24. Bxf6 Rxf6 25. Qxf6 Rf8 26.
Qe5 Qd5 27. Qe3 e5 $1 $11 {Forcing an exchange of queens, since playing c3 is
too dangerous for white.} 28. Qxe5 Qxe5 29. dxe5 Kg7 30. Bd3 Re8 {An endgame
is equal.} 31. Kf2 Rxe5 32. b4 Rh5 33. h3 Rh4 34. c3 Kf6 35. Ke3 Ke5 36. Be2
Rh7 37. Bf3 Rg7 38. Kd3 Kf4 39. h4 Rd7+ 40. Kc2 Ke3 41. h5 Rd2+ 42. Kb3 Rd6 43.
Kc2 Rd2+ 1/2-1/2

[Event "BCF-ch 89th"]
[Site "Torquay"]
[Date "2002.08.09"]
[Round "11"]
[White "Haslinger, Stewart"]
[Black "Gallagher, Joseph G"]
[Result "0-1"]
[WhiteElo "2310"]
[BlackElo "2517"]
[Annotator "Finkel,A"]
[PlyCount "110"]
[EventDate "2002.07.29"]
[EventType "swiss"]
[EventRounds "11"]
[EventCountry "ENG"]
[SourceTitle "CBM 091"]
[Source "ChessBase"]
[SourceDate "2002.11.12"]
[SourceVersion "1"]
[SourceVersionDate "2002.11.12"]
[SourceQuality "1"]

1. e4 d6 2. d4 g6 3. Nc3 Bg7 4. Bg5 Nd7 (4... a6) 5. Nf3 (5. f4 $6 c5 6. d5 Qa5
7. Qf3 h6 8. Bh4 Bxc3+ 9. bxc3 Ngf6 {[%cal Rf6e4]} 10. Kd2 b5 11. Nh3 g5 12.
fxg5 Ne5 $15) (5. Qd2 c5 6. d5 Ngf6 7. f4 a6 8. a4 Qb6 $132 {[%cal Gb6b4]})
5... h6 (5... c5 6. Qd2 cxd4 7. Nxd4 Ngf6 8. f3 (8. Bh6 $14) 8... O-O 9. O-O-O
$14) 6. Be3 a6 (6... e6 7. g3 b6 8. Bg2 Ne7 9. O-O Bb7 10. Nd2 O-O 11. f4 Rb8
12. a4 a6 13. Nb3 $14 {Voitsekhovsky,S-Chepukaitis,G/Moscow 1999}) 7. a4 b6 {
Opting for slow, but flexible set-up.} 8. Bd3 (8. d5 Ngf6 (8... e6 9. Nd4) 9.
Nd4 O-O 10. f3 Qe8 11. Qd2 Kh7 12. Bc4 Ne5 13. Bb3 e6 14. O-O $14) (8. Bc4 Bb7
9. O-O e6 10. Qd2 Ne7 11. d5 (11. Bb3 b5 12. axb5 axb5 13. Rxa8 Bxa8 14. Qd3 b4
15. Ne2 O-O $13) 11... e5 12. Ne1 f5 13. f3 (13. f4 exf4 14. Bxf4 g5) 13... f4
14. Bf2 g5 $13) 8... e6 9. Qd2 Ne7 (9... Bb7 10. O-O Ngf6 11. h3 c5 12. Rfe1
cxd4 13. Nxd4 Nc5 14. f3 d5 15. e5 Nfd7 16. f4 $14 {Rublevsky,S-Gofshtein,L/
Frankfurt 2000}) 10. O-O Bb7 11. Rfe1 (11. Rad1 Qc8 $6 12. Rfe1 Nf6 13. h3 d5
14. Bf4 $14 {Sorokin,M-Shchekachev,A/St Petersburg 1999}) 11... g5 $5 {[%cal
Ge7g6] Black king feels pretty safe in the center, so black starts an actions
on the kingside.} 12. h3 Ng6 13. Ne2 Nf6 $5 (13... O-O $6 14. Ng3 c5 15. c3 $14
) 14. Ng3 g4 15. hxg4 Nxg4 16. Nh5 Bf8 17. Bf4 (17. d5 $5 Nxe3 18. Rxe3 $14 {
[%cal Gd2c3]}) 17... Nf6 $5 {Black shows no interest in white bishop.} 18.
Nxf6+ (18. Ng3 Nxf4 19. Qxf4 h5 $1 20. e5 $6 Nd5 21. Qe4 h4 22. Ne2 h3 $36 {
[%cal Gd8d7]}) 18... Qxf6 19. Bg3 Qg7 {[%cal Gh6h4]} 20. Qc3 $6 {Too
optimistic. White doesn't feel the danger and puts his queen on the queenside.}
(20. a5 b5 21. c4 bxc4 22. Bxc4 h5 23. Rac1 (23. Nh4 Nxh4 24. Bxh4 Qg4 25. Bf6
Rg8 $17 {[%csl Re4,Rg2]}) 23... h4 24. Bf4 Nxf4 25. Qxf4 $13) 20... Rc8 21. Qb3
h5 22. Nh4 (22. a5 h4 23. Bh2 h3 24. g3 $13 {[%csl Rb6]} b5 $140 25. Bxb5+ axb5
26. Qxb5+ $18 {[%csl Rb7]}) 22... Nxh4 23. Bxh4 Rg8 {Suddenly white king is in
danger.} 24. g3 (24. Bf1 Qxd4) 24... Be7 $1 {[%csl Rg1]} (24... Qxd4 $5) 25.
Bxe7 Kxe7 {[%cal Gh5h4]} 26. d5 (26. c3 h4 27. Re3 hxg3 28. Rxg3 Qf6 29. Kg2
Qf4 30. Qc2 Rxg3+ 31. fxg3 Rg8 $19) 26... h4 27. Re3 hxg3 28. Rxg3 Qd4 $1 $19 {
Now we ca see why putting the queen on b3 was a wrong idea!} 29. Bf1 (29. Kf1
Rxg3 30. fxg3 Rg8 $19) 29... Qxe4 30. Bg2 Qe5 31. dxe6 Bxg2 32. Kxg2 fxe6 33.
Qd3 Rxg3+ 34. fxg3 Rf8 35. Qc4 d5 36. Qd3 Qxb2 37. Re1 Qf6 38. Qa3+ (38. Qxd5
Qf2+ $19) 38... Kd7 39. Qe3 Qf5 40. Qe2 Rf6 41. Rh1 Kc6 42. Rh5 Qg6 43. Re5 Kd6
44. Re3 Rf4 45. Qxa6 Qxc2+ 46. Re2 Rxa4 47. Qxb6+ cxb6 48. Rxc2 Rc4 49. Rb2 Kc5
50. Re2 b5 51. Kf3 b4 52. g4 b3 53. g5 Rb4 54. g6 b2 55. Rc2+ Kd6 0-1

[Event "Redbus KO"]
[Site "Southend"]
[Date "1999.04.03"]
[Round "2.1"]
[White "Plaskett, H James"]
[Black "McNab, Colin Anderson"]
[Result "1-0"]
[WhiteElo "2483"]
[BlackElo "2418"]
[Annotator "Finkel,A"]
[PlyCount "65"]
[EventDate "1999.04.??"]
[EventType "k.o."]
[EventRounds "4"]
[EventCountry "ENG"]
[SourceTitle "CBM 071"]
[Source "ChessBase"]
[SourceDate "1999.08.01"]
[SourceVersion "1"]
[SourceVersionDate "1999.08.01"]
[SourceQuality "1"]

1. e4 g6 2. d4 d6 3. Nc3 c6 4. f4 d5 5. h3 $5 {Depriving black an option to
exchange his lightsquared bishop from g4.} (5. Nf3 dxe4 (5... Bg4 $5 6. Be3
dxe4 7. Nxe4 Bg7 8. h3 Bf5 9. Nc3 Nf6 10. g4 $14 {Schaefer,M-Weierman,A/
Muenster IM 1990}) 6. Nxe4 Bg7 (6... Bg4 7. c3 Nd7 8. Bc4 Bxf3 9. Qxf3 Ngf6 10.
O-O e6 11. Bd2 Qb6 $13 {O'Shaughnessy,C-Dunworth,C/Coulsdon 1997}) 7. Bc4 Nh6
8. Be3 (8. h3 Nf5 9. c3 O-O 10. Bb3 Nd7 11. g4 Nd6 12. Nf2 c5 $132 {McDonald,
N-McNab,C/Hastings op9394}) (8. Ne5 Nd7 9. O-O O-O 10. c3 Nf6 11. Qe1 Nxe4 12.
Qxe4 Qd6 13. Nf3 Bf5 14. Qe2 c5 $13 {Borriss,M-Hickl,J/BL9394}) 8... O-O 9. Qd2
Nd7 10. h3 Nf5 11. O-O-O Nb6 12. Bb3 a5 13. a3 Nd5 $36 {Riemersma,L-Nijboer,F/
NLD-chT 1987}) 5... dxe4 6. Nxe4 Bg7 ({Deserved attention} 6... Bf5 $5 7. Nc3
Bg7 8. Nf3 Nf6 9. g4 Bc8 10. Bg2 h5 $132 {with counterplay.}) 7. Nf3 Nf6 8.
Nxf6+ Bxf6 9. Be3 O-O $6 {After this move black finds himself in very passive
position.Better was} (9... Qb6 $5) 10. c3 Nd7 11. Be2 Nb6 (11... Qb6 12. Qd2
Bg7 13. O-O Nf6 14. c4 Bf5 15. g4 $14) 12. c4 $1 $14 {Very logical and strong
move taking control over the crucial for black square d5.} Be6 13. Rc1 Nc8 14.
O-O Nd6 15. Ne5 Qa5 ({White keeps a pressure after} 15... Bg7 16. g4 f6 17. Nf3
Bf7 18. Re1 $14) 16. a3 Rad8 17. g4 h5 $6 {Extremly strange and absolutely
unjustified decision:black opens the h-file,which finally decides the game in
white's favour.} 18. Qd3 hxg4 19. hxg4 b5 $6 20. c5 $5 $16 {This move is
stronger than} (20. Nxc6 bxc4 21. Qc2 Qb6 22. Nxd8 Rxd8 23. Rfd1 Bd5 $14 {
and black may put up some resistance.}) 20... Bxe5 (20... Bc4 21. Qc2 Bxe2 22.
Qxe2 Bxe5 23. fxe5 Nc4 24. Bh6 $18) 21. fxe5 Nc4 22. Bg5 Rd7 ({The same story
is} 22... Rfe8 23. Qh3 $5 (23. Kf2 $5 {[%cal Gf1h1,Gd3h3]} Nxe5 (23... Nxb2 24.
Qh3 Bd5 25. Rh1 $1 Bxh1 26. Rxh1 $18 {[%cal Gh1h8]}) 24. Qh3 Bxg4 25. Bxg4 Rxd4
26. Be2 $18) 23... Rxd4 24. Kf2 $18) 23. Qh3 Rxd4 (23... Nxb2 24. Rf2 f6 25.
Qh6 $1 $18) 24. Bxe7 Qd2 $8 25. Rxc4 $1 $18 {The final blow.} bxc4 26. Bf6
Rxg4+ 27. Bxg4 Qd4+ 28. Kh2 Qd2+ 29. Kg3 Qe3+ 30. Rf3 Qg1+ (30... Qe1+ 31. Kf4
Qd2+ 32. Re3 Qd4+ 33. Kg5 $18) 31. Kf4 Qd4+ 32. Kg5 Qd2+ 33. Rf4 1-0

[Event "BIH-chT"]
[Site "Neum"]
[Date "2002.06.03"]
[Round "3.4"]
[White "Vojinovic, Goran"]
[Black "Jusic, Zdenko"]
[Result "1-0"]
[WhiteElo "2477"]
[BlackElo "2432"]
[Annotator "Finkel,A"]
[PlyCount "71"]
[EventDate "2002.06.02"]
[EventType "team"]
[EventRounds "9"]
[EventCountry "BIH"]
[SourceTitle "CBM 090"]
[Source "ChessBase"]
[SourceDate "2002.09.20"]
[SourceVersion "1"]
[SourceVersionDate "2002.09.20"]
[SourceQuality "1"]
[WhiteTeam "Bijeljina"]
[BlackTeam "Brijeg"]
[WhiteTeamCountry "BIH"]
[BlackTeamCountry "BIH"]

1. d4 d6 2. Nf3 g6 3. e4 Bg7 4. Bc4 a6 5. Bb3 (5. O-O e6 6. Bg5 Ne7 7. Qd2 h6
8. Be3 Nd7 9. Nc3 b6 10. Rfe1 Bb7 11. a4 Nf6 $13 {Barczay,L-Ivkov,B/Sousse 1967
}) 5... b5 $6 {This move is useless when white white knight is still on b1.} (
5... Nc6 6. c3 Nf6 7. Qe2 e5 8. dxe5 Nxe5 9. Nxe5 dxe5 10. O-O O-O $11 {
Znamenacek,K-Vokac,M/Karvina 1989}) 6. O-O e6 7. a4 Bb7 (7... bxa4 8. Bxa4+ Nd7
9. Bg5 Ne7 10. Qd2 O-O 11. Nc3 Nb6 12. Bb3 Bb7 13. Rfe1 Qd7 14. h3 $14 {
Tregubov,P-Lupu,M/Bastia 2000}) 8. d5 $1 {Very simple and strong.} (8. Qe2 Nd7
9. Nbd2 Ne7 10. Re1 b4 11. a5 O-O 12. c3 bxc3 13. bxc3 $14 {Link,U-Schlenker,R/
Germany 1989}) 8... bxa4 $6 {It was necessary to play} (8... exd5 9. exd5 Ne7
10. axb5 axb5 11. Rxa8 Bxa8 12. Nc3 b4 13. Na2 c5 14. dxc6 Nbxc6 $14 {with
playable position.}) 9. Bxa4+ Nd7 10. dxe6 fxe6 11. Ng5 $1 Ke7 (11... Qf6 12.
Qg4 Ke7 13. Nxh7 $1 $18 {[%cal Gc1g5]}) (11... Qe7 12. Qg4 e5 13. Nxh7 $1 $18)
12. Qf3 $1 Ngf6 (12... Ndf6 13. Nxe6 $1) 13. Nxe6 $1 {Winning a pawn.} Bxe4 (
13... Kxe6 14. Qb3+ $16) 14. Nxd8 {Even better was} (14. Qh3 $1 Qg8 15. Nxc7
Rc8 16. Bb3 d5 17. Bf4 $18 {with decisive advantage.}) 14... Bxf3 15. Nc6+ Bxc6
16. Bxc6 Rab8 (16... Ra7 17. Re1+ Kd8 18. Be3 Nb6 19. Nc3 $18 {[%cal Gc3b5]})
17. Rxa6 Rb6 18. Rxb6 Nxb6 19. Re1+ Kf7 20. Nc3 Ng4 21. Ne4 h6 (21... Ne5 22.
Bb5 $18) 22. f4 {White's win is just a matter of time.} d5 23. h3 Bd4+ 24. Kh1
Nf6 25. Nxf6 Bxf6 26. b3 h5 27. g3 Rd8 28. Kg2 Bc3 29. Re2 Nc8 30. Ba3 Bf6 31.
g4 hxg4 32. hxg4 Na7 33. Ba4 Nc8 34. g5 Be7 35. Bb2 Nd6 $2 36. Rxe7+ 1-0

[Event "RUS-chT 09th Group2"]
[Site "Ekaterinburg"]
[Date "2002.05.18"]
[Round "2"]
[White "Jakovenko, Dmitrij"]
[Black "Akopian, Vladimir Eduardovic"]
[Result "1/2-1/2"]
[WhiteElo "2557"]
[BlackElo "2678"]
[Annotator "Finkel,A"]
[PlyCount "116"]
[EventDate "2002.05.17"]
[EventType "team-tourn"]
[EventRounds "7"]
[EventCountry "RUS"]
[SourceTitle "CBM 090"]
[Source "ChessBase"]
[SourceDate "2002.09.20"]
[SourceVersion "1"]
[SourceVersionDate "2002.09.20"]
[SourceQuality "1"]
[WhiteTeam "Surgut Yugra"]
[BlackTeam "Kazan Ladya"]
[WhiteTeamCountry "RUS"]
[BlackTeamCountry "RUS"]

1. e4 d6 2. d4 g6 3. Nc3 c6 4. f4 d5 5. Nf3 $5 {Possible continuation which is
definity not better than more popular 5.e5} dxe4 6. Nxe4 Bf5 (6... Bg7 7. Bc4 (
7. c3 Nh6 8. Bc4 Nd7 9. Qe2 Nb6 10. Bb3 a5 11. a4 Nd5 12. h3 Nf5 13. g4 Nd6 14.
Ng3 $13 {Ardelean,G-Ionescu,D/Bucharest 1999}) 7... Nf6 (7... Nh6 8. Ne5 (8. h3
Nf5 9. c3 O-O 10. Bb3 Nd7 11. g4 Nd6 12. Nf2 c5 $132 {McDonald,N-McNab,C/
Hastings 1993}) 8... Nd7 9. O-O O-O 10. c3 Nf6 11. Qe1 Nxe4 12. Qxe4 Qd6 13.
Nf3 Bf5 14. Qe2 c5 $11 {Borriss,M-Hickl,J/Germany 1994}) 8. Nxf6+ Bxf6 9. Ne5
O-O 10. c3 Nd7 11. O-O Nb6 12. Bd3 Qd6 13. Qe2 e6 14. Rf3 Nd5 15. Bd2 c5 16.
dxc5 Qxc5+ 17. Kh1 $13 {Buecker,S-Stangl,M/Germany 1990}) 7. Ng3 (7. Bd3 Bg7 8.
c3 Nd7 (8... Qd5 9. Qe2 Nf6 10. Nxf6+ Bxf6 11. O-O Bxd3 12. Qxd3 Nd7 13. Qe2
O-O $11 {Kindermann,S-Hickl,J/Munich 1990}) 9. O-O Bxe4 10. Bxe4 Ngf6 11. Bc2
e6 12. Qe1 O-O 13. Kh1 Qc7 $13 {Hart,T-Weiermann,A/Germany 1997}) 7... Bg4 8.
Bc4 e6 9. Be3 Bg7 10. h3 Bxf3 11. Qxf3 Ne7 12. O-O-O Nd7 13. Rhe1 $6 {If black
decides to castle kingside white rook has nothing to do e1.} (13. Bb3 $5 Qc7
14. Kb1 O-O-O 15. Rhe1 h5 16. Ne4 Nf5 17. Bf2 h4 $13) 13... Nb6 14. Bb3 Nbd5
15. Bd2 O-O 16. c4 Nf6 17. Ne4 $6 {Admitting that his opening plan didn't
succeed.} (17. Ne2 b5 18. c5 a5 19. g4 a4 20. Bc2 Qd5 $13) 17... b5 18. cxb5
cxb5 19. Kb1 a5 20. g4 Nxe4 21. Qxe4 Ra7 $15 {[%cal Ga7d7]} 22. Be3 Rd7 23. h4
a4 24. Bc2 a3 (24... Nd5 $5) 25. h5 (25. b3 $2 Nd5 26. Bd2 Qc7 $17 {[%csl Rb2,
Rc3]}) 25... axb2 26. hxg6 hxg6 27. Bb3 Qa8 $6 {Trading the queens isn't the
most dangerous plan for white.} (27... Nd5 $5 28. Bxd5 Rxd5 29. Rh1 Qd6 30. Qc2
Ra8 31. Qxb2 Rc8 $17) 28. Qxa8 Rxa8 29. Re2 Nd5 30. Bxd5 Rxd5 31. Rd3 Ra4 (
31... Rad8 32. Red2 f5 33. gxf5 exf5 34. Kxb2 Kf7 35. Kb3 Re8 $15 {[%csl Rd4,
Rf4][%cal Ge8e4]}) 32. Red2 Kf8 33. Kxb2 Ke7 34. Kb3 Kd7 35. Rd1 Bf6 36. R1d2
Be7 37. Kb2 Bf6 38. Kb3 Bd8 39. Rh2 Be7 40. Rhd2 Ra3+ 41. Kb2 Ra8 (41... Rxd3
42. Rxd3 Kc6 43. Rc3+ Kb7 44. Kc2 Rd8 $15 {[%cal Gd8a8,Ga8a4]}) 42. Rh2 b4 43.
Bc1 Ra3 44. Rxa3 bxa3+ 45. Kc3 {Now the position is equal.} Kc6 46. Rh7 Rd7 47.
Kc4 $11 Rc7 48. Bd2 Bd6 49. f5 exf5 50. gxf5 gxf5 51. Ba5 Re7 52. Rh6 Kd7 53.
Rf6 Re2 54. Kd5 Be7 55. Rxf7 Ke8 56. Rxf5 Rxa2 57. Bc3 Rc2 58. Kc4 Rc1 1/2-1/2

[Event "Budapest FS04 GM-A"]
[Site "Budapest"]
[Date "2002.04.05"]
[Round "4"]
[White "Antal, Gergely"]
[Black "Czebe, Attila"]
[Result "0-1"]
[WhiteElo "2457"]
[BlackElo "2462"]
[Annotator "Finkel,A"]
[PlyCount "110"]
[EventDate "2002.04.02"]
[EventType "tourn"]
[EventRounds "13"]
[EventCountry "HUN"]
[EventCategory "9"]
[SourceTitle "CBM 089"]
[Source "ChessBase"]
[SourceDate "2002.08.12"]
[SourceVersion "1"]
[SourceVersionDate "2002.08.12"]
[SourceQuality "1"]

1. e4 g6 2. d4 Bg7 3. Nc3 d6 4. Be3 Nd7 5. Qd2 a6 6. Nf3 b5 7. a4 b4 8. Na2 (8.
Ne2 Ngf6 (8... c5 9. Ng3 Bb7 (9... Ngf6 10. h3 Qc7 11. c3 h5 12. Bd3 c4 $6 13.
Bb1 b3 14. O-O e5 15. Ng5 Bb7 16. f4 $16 {Kolev,A-Hillarp Persson,T/Zaragoza
1995}) 10. Bd3 Ngf6 11. Bh6 Bxh6 12. Qxh6 cxd4 13. O-O $6 e5 14. Bc4 Rc8 15.
Bb3 Nc5 16. Qg7 Rf8 $15 {Kinsman,A-Gofshtein,L/FRA 1998}) 9. Ng3 h5 (9... a5
10. Bh6 Bxh6 11. Qxh6 e5 12. Bb5 Qe7 13. O-O Bb7 14. Rfe1 c6 15. Bf1 Ng4 16.
Qd2 $14 {Shabanov,Y-Shchekachev,A/Orel 1992}) 10. Bg5 (10. Ng5 h4 11. Ne2 Ng4
12. Nf4 Ndf6 13. e5 dxe5 14. dxe5 Qxd2+ 15. Bxd2 Nxe5 16. Bxb4 Bh6 $13 {
Hort,V-Keene,R/Dortmund 1982}) 10... Bb7 11. Bd3 a5 12. O-O Kf8 13. c3 bxc3 14.
bxc3 Nh7 15. Bh6 e6 16. h4 Nhf6 17. Bg5 $14 {Mortensen,E-Hoi,C/DEN-ch 1987}) (
8. Nd5 Ngf6 9. Qxb4 Nxe4 10. Qa5 Ra7 11. Nb4 Bb7 12. Bb5 Ra8 {1/2-1/2 Barczay,
L-Davies,N/Budapest 1987/CBM 05 (12)}) (8. Nd1 Rb8 9. Bc4 e6 10. Bg5 f6 11. Be3
Qe7 12. Qe2 Bb7 13. Nd2 Ra8 14. O-O Nh6 15. a5 O-O $132 {Letzelter,J-Vaisman,V/
Besancon 1999}) 8... Bb7 $6 {Dubious pawn sacrifice, which proved itself in
this particular game.} (8... a5 9. c3 Bb7 10. Bc4 $6 Ngf6 11. Ng5 O-O 12. f3 d5
13. exd5 Nb6 14. Bb5 Nfxd5 $15 {Karadeniz,E-Solak,D/Istanbul 2000}) 9. Nxb4
Ngf6 10. e5 Ng4 11. h3 $6 {Better was} (11. exd6 $1 Nxe3 12. Qxe3 cxd6 13. Be2
O-O 14. O-O $14 {and black doesn't have sufficient compensation for a pawn.})
11... Nxe3 12. Qxe3 O-O 13. e6 (13. Be2 $6 c5 14. dxc5 dxc5 15. Na2 Rb8 16. e6
Bxf3 17. Bxf3 Ne5 $1 $36) 13... Bxf3 14. Qxf3 (14. gxf3 fxe6 15. Qxe6+ Kh8 16.
Bxa6 c5 $1 17. Bb7 cxb4 18. Bxa8 Qxa8 19. Qxd7 Qxf3 $17 {[%csl Re1]}) 14...
fxe6 15. Qe3 c5 $1 $15 {After this move black seizes the initiative till the
end of the game.} 16. dxc5 Nxc5 17. Bc4 Bxb2 18. Rb1 Bg7 19. Bxe6+ Kh8 20. O-O
(20. Bb3 Qa5 $19) 20... Nxa4 $17 21. Bd5 Nc3 $6 {Permitting white to escape.
Better was} (21... Rc8 22. Nc6 Qe8 $17) 22. Bxa8 Nxb1 23. Bf3 $2 {White
doesn't take his chance.} (23. Rxb1 Qxa8 24. Qxe7 Rb8 (24... a5 25. Nd3 a4 26.
Rb7 Rg8 27. Ra7 Qc6 28. Nf4 $36) 25. Rb3 $1 (25. Qe1 a5 26. Nd3 Rxb1 27. Qxb1
a4 $17) 25... Re8 (25... a5 26. Nc6 $1 $11) 26. Qf7 $13) 23... Nc3 24. Nc6 (24.
Nxa6 $2 Qa5 25. Qd3 d5 $19 {[%csl Ra6]}) 24... Qd7 25. Re1 e5 $1 26. Qxc3 e4
27. Qc4 exf3 28. Ne7 (28. Qxa6 fxg2 29. Kxg2 Qf5 30. Qe2 Qc5 31. Ne7 Bd4 {
[%csl Rf2]} 32. Rf1 Bf6 $1 33. Re1 Bh4 $1 $19) 28... fxg2 29. Qh4 Qe8 30. Re6
g5 31. Qxg5 Qf7 32. Re2 Be5 $5 {[%csl Gg2] Black pawn on g2 is still alive!}
33. Qh4 Qg7 34. Re1 Rf4 35. Qg3 Qxg3 36. fxg3 Rc4 (36... Rf3 $5 $19) 37. Kxg2
Rxc2+ 38. Kf3 Rc3+ 39. Ke4 Rxg3 $19 {Now it's just a matter of technigue.} 40.
Rb1 Rxh3 41. Nf5 h5 42. Rb6 Ra3 43. Rb7 h4 44. Rb8+ Kh7 45. Rb7+ Kg8 (45... Kg6
$2 46. Nxh4+) 46. Nh6+ Kf8 47. Kd5 Rf3 $1 48. Ng4 h3 49. Ra7 h2 50. Rh7 Rd3+
51. Ke6 Rd2 52. Ne3 Re2 53. Nf5 Kg8 54. Rh5 Re1 55. Rg5+ Kf8 0-1

[Event "GER-ch 77th"]
[Site "Osterburg"]
[Date "2006.02.08"]
[Round "6"]
[White "Luther, Thomas"]
[Black "Tischbierek, Raj"]
[Result "1-0"]
[WhiteElo "2569"]
[BlackElo "2466"]
[Annotator "Finkel,A"]
[PlyCount "69"]
[EventDate "2006.02.03"]
[EventType "swiss"]
[EventRounds "9"]
[EventCountry "GER"]
[SourceTitle "CBM 112"]
[Source "ChessBase"]
[SourceDate "2006.06.07"]
[SourceVersion "1"]
[SourceVersionDate "2006.06.07"]
[SourceQuality "1"]

1. e4 g6 2. d4 d6 3. Nc3 Bg7 4. Be3 a6 5. h3 b5 6. Nf3 Bb7 7. Bd3 Nd7 8. Ne2
Ngf6 9. Ng3 O-O 10. O-O e5 $6 {I believe that this move is an inaccuracy as
it's pretty difficult for Black to deal with 12.a4.} (10... c5 11. c3 Qc7 (
11... e5 12. d5 Nb6 13. Qd2 Kh8 14. b3 Ng8 15. a4 bxa4 16. bxa4 Qc7 17. a5 Nd7
18. Qe2 Ne7 19. Ra4 Bc8 20. Nh2 $14 {Manca,F-Sarno,S/Bolzano 1997}) 12. Qd2 e5
13. Rfe1 Rfe8 14. dxe5 Nxe5 15. Nxe5 dxe5 16. Bg5 Rad8 $11 {Riedner,M-Wass,L/
Ringsted 1992}) 11. dxe5 (11. c3 Re8 12. d5 c6 13. c4 bxc4 14. dxc6 Bxc6 15.
Bxc4 Qb8 16. Re1 $14 {Tringov,G-Paulsen,D/Hamburg 1984}) 11... dxe5 12. a4 Bc6
$6 {The bishop is too awkwardly placed on c6, so this move shouldn't be right.}
(12... Qe7) 13. axb5 axb5 14. Qe2 Rxa1 {Black is forced to give up the a-file,
as after} (14... Qb8 15. Rxa8 Qxa8 16. Bxb5 Bxe4 17. Nxe4 Qxe4 18. Rd1 $16 {
White enjoys a considerable advantage.}) 15. Rxa1 Qb8 $6 {[%csl Rd7] Black's
position is rather unpleasant at this point, but he could still put up a
serious resistance after} (15... b4 16. Bb5 $140 Bxe4 17. Nxe4 Nxe4 {[%csl Gd7]
}) 16. Ra5 b4 17. Bb5 Bb7 18. Qc4 $6 {It was more accurate to win the pawn on
b4 right away.} (18. Bxd7 $1 Nxd7 19. Qb5 Nf6 20. Ba7 Qc8 21. Qxb4 $16) 18...
c6 19. Ba6 $6 (19. Ba4 $142) 19... Ba8 $2 {Missing the chance to pose White
serious problems after} (19... Qc7 20. Ra2 (20. Qxb4 $2 Ra8 {[%csl Ra5][%cal
Ga8a5]} 21. Qxb7 Qxb7 22. Bxb7 Rxa5 23. Bxc6 Nb8 $1 24. Bb7 Rb5 25. Ba8 Rxb2
$15) 20... Ra8 21. Bxb7 Rxa2 22. Qxa2 Qxb7 23. Qa5 $1 $14 {and despite a clear
edge it's very difficult for White to capitalize his positional advantage.})
20. Qa2 Ne8 (20... c5 21. Bc4 Bxe4 22. Nxe4 Nxe4 23. Bxf7+ $1 $16) 21. Bc8 $1
$16 {A very nice move destroying Black's defensive set-up.} Qxc8 22. Rxa8 Qc7
23. Ng5 Nd6 (23... Nef6 24. Qxf7+ $18) 24. Ra7 Nb7 (24... Qc8 25. Ne6 $1 $18)
25. Qa6 Ndc5 26. Qc4 Qd6 27. Qxb4 h6 28. Nf3 Rb8 29. Qd2 Qf8 (29... Qxd2 30.
Nxd2 Ne6 31. Nc4 Nd4 32. c3 Nb5 33. Ra6 Rc8 34. Kf1 $18) 30. h4 $1 Ra8 31. Rxa8
Qxa8 32. Bxh6 Qa1+ 33. Kh2 Qxb2 34. Bxg7 Kxg7 35. h5 1-0